Vom Neomarxismus zum Postmarxismus
Saved in:
| Main Author: | |
|---|---|
| Format: | Article (Journal) |
| Language: | German |
| Published: |
1991
|
| In: |
Zeitschrift für Politik
Year: 1991, Volume: 38, Issue: 2, Pages: 119-139 |
| ISSN: | 0044-3360 |
| Online Access: |
|
| Author Notes: | Klaus von Beyme |
MARC
| LEADER | 00000caa a22000002c 4500 | ||
|---|---|---|---|
| 001 | 166051214X | ||
| 003 | DE-627 | ||
| 005 | 20230427134800.0 | ||
| 007 | tu | ||
| 008 | 030514s1991 xx ||||| 00| ||ger c | ||
| 035 | |a (DE-627)166051214X | ||
| 035 | |a (DE-576)104708867 | ||
| 035 | |a (DE-599)BSZ104708867 | ||
| 035 | |a (OCoLC)1341204846 | ||
| 035 | |a (DE-615)00797264 | ||
| 040 | |a DE-627 |b ger |c DE-627 |e rakwb | ||
| 041 | |a ger | ||
| 084 | |a 16 |2 sdnb | ||
| 084 | |a RS |2 fivr | ||
| 084 | |a SG05.01 |2 fivs | ||
| 100 | 1 | |a Beyme, Klaus von |d 1934-2021 |0 (DE-588)117757241 |0 (DE-627)07917289X |0 (DE-576)160283485 |4 aut | |
| 245 | 1 | 0 | |a Vom Neomarxismus zum Postmarxismus |c Klaus von Beyme |
| 264 | 1 | |c 1991 | |
| 300 | |a 21 | ||
| 336 | |a Text |b txt |2 rdacontent | ||
| 337 | |a ohne Hilfsmittel zu benutzen |b n |2 rdamedia | ||
| 338 | |a Band |b nc |2 rdacarrier | ||
| 650 | 0 | 7 | |0 (DE-588)4046563-9 |0 (DE-627)104383747 |0 (DE-576)209070080 |a Politische Theorie |2 gnd |
| 650 | 0 | 7 | |0 (DE-588)4126126-4 |0 (DE-627)105734748 |0 (DE-576)209582472 |a Neomarxismus |2 gnd |
| 650 | 0 | 7 | |0 (DE-588)4148989-5 |0 (DE-627)10556463X |0 (DE-576)209769009 |a Definition |2 gnd |
| 650 | 0 | 7 | |0 (DE-588)4005248-5 |0 (DE-627)106382365 |0 (DE-576)208859918 |a Begriff |2 gnd |
| 650 | 0 | 7 | |0 (DE-588)4234987-4 |0 (DE-627)104905603 |0 (DE-576)210385022 |a Wandel |2 gnd |
| 650 | 0 | 7 | |0 (DE-588)4137894-5 |0 (DE-627)10564661X |0 (DE-576)209681500 |a Wertfreiheit |2 gnd |
| 650 | 0 | 7 | |0 (DE-588)4055916-6 |0 (DE-627)106156411 |0 (DE-576)209115904 |a Sozialwissenschaften |2 gnd |
| 650 | 0 | 7 | |0 (DE-588)4112846-1 |0 (DE-627)105834149 |0 (DE-576)209471336 |a Bürgerliche Gesellschaft |2 gnd |
| 650 | 0 | 7 | |0 (DE-588)4128256-5 |0 (DE-627)104106050 |0 (DE-576)209600551 |a Änderung |2 gnd |
| 650 | 0 | 7 | |0 (DE-588)4015602-3 |0 (DE-627)106335987 |0 (DE-576)208912614 |a Ethik |2 gnd |
| 773 | 0 | 8 | |i In |t Zeitschrift für Politik |d Baden-Baden : Nomos, 1907 |g 38(1991), 2, Seite 119-139 |w (DE-627)129457612 |w (DE-600)200094-5 |w (DE-576)014820986 |x 0044-3360 |7 nnas |a Vom Neomarxismus zum Postmarxismus |
| 773 | 1 | 8 | |g volume:38 |g year:1991 |g number:2 |g pages:119-139 |g extent:21 |a Vom Neomarxismus zum Postmarxismus |
| 936 | f | i | |0 (DE-627)1756134723 |a RS |b Ohne direkten Regionalbezug |k Ohne direkten Regionalbezug |2 fivr |
| 936 | f | i | |0 (DE-627)1756136041 |a SG05.01 |b Ideologie |k Gesellschaft |k Politische Kultur/Meinungsbildung |k Ideologie |2 fivs |
| 938 | 1 | 0 | |0 (DE-627)1756159882 |0 (DE-615)6602309 |a Politische Theorie |2 fivt |
| 938 | 1 | 0 | |0 (DE-627)105734748 |0 (DE-588)4126126-4 |a Neomarxismus |2 gnd |2 fivt |
| 938 | 1 | 0 | |0 (DE-627)1756196478 |0 (DE-615)6601344 |a Begriffsdefinition/Begriffsverständnis |2 fivt |
| 938 | 1 | 0 | |0 (DE-627)1756217521 |0 (DE-615)6600496 |a Wandel |2 fivt |
| 938 | 1 | 0 | |0 (DE-627)1756157065 |0 (DE-615)6605684 |a Wertproblematik (Sozialwissenschaften) |2 fivt |
| 938 | 1 | 0 | |0 (DE-627)1756170339 |0 (DE-615)6606519 |a Bürgerliche Gesellschaft |2 fivt |
| 938 | 1 | 0 | |0 (DE-627)1756182973 |0 (DE-615)6605791 |a Neuorientierung |2 fivt |
| 938 | 1 | 0 | |0 (DE-627)175617122X |0 (DE-615)6606540 |a Wertesystem |2 fivt |
| 951 | |a AR | ||
| 992 | |a 20140714 | ||
| 993 | |a Article | ||
| 994 | |a 1991 | ||
| 998 | |g 117757241 |a Beyme, Klaus von |m 117757241:Beyme, Klaus von |d 180000 |d 180500 |e 180000PB117757241 |e 180500PB117757241 |k 0/180000/ |k 1/180000/180500/ |p 1 |x j |y j | ||
| 999 | |a KXP-PPN166051214X |e 3412810150 | ||
| BIB | |a Y | ||
| SER | |a journal | ||
| JSO | |a {"person":[{"given":"Klaus von","display":"Beyme, Klaus von","role":"aut","family":"Beyme"}],"name":{"displayForm":["Klaus von Beyme"]},"type":{"bibl":"article-journal"},"title":[{"title_sort":"Vom Neomarxismus zum Postmarxismus","title":"Vom Neomarxismus zum Postmarxismus"}],"language":["ger"],"recId":"166051214X","relHost":[{"part":{"extent":"21","volume":"38","pages":"119-139","year":"1991","text":"38(1991), 2, Seite 119-139","issue":"2"},"id":{"eki":["129457612"],"issn":["0044-3360"],"zdb":["200094-5"]},"type":{"bibl":"periodical"},"pubHistory":["1.1907/08 - 35.1945,1/3; N.F. 1.1954,Apr. -"],"note":["Beteil. Körp. anfangs: Vereinigung für die Wissenschaft von der Politik; Deutsches Auslandswissenschaftliches Institut, Berlin; teils: Hochschule für Politische Wissenschaften München"],"language":["ger"],"origin":[{"dateIssuedKey":"1907","publisherPlace":"Baden-Baden ; Köln ; Berlin ; Bonn ; München","dateIssuedDisp":"1907-","publisher":"Nomos ; Heymanns"}],"corporate":[{"display":"Hochschule für Politische Wissenschaften","role":"isb"},{"display":"Hochschule für Politik München","role":"isb"}],"recId":"129457612","titleAlt":[{"title":"Organ der Hochschule für Politik München"},{"title":"ZfP"}],"disp":"Vom Neomarxismus zum PostmarxismusZeitschrift für Politik","title":[{"subtitle":"ZfP","title":"Zeitschrift für Politik","title_sort":"Zeitschrift für Politik"}]}],"physDesc":[{"extent":"21 S."}],"origin":[{"dateIssuedKey":"1991","dateIssuedDisp":"1991"}],"id":{"eki":["166051214X"]}} | ||
| SRT | |a BEYMEKLAUSVOMNEOMARX1991 | ||